Artrópodos hematófagos del río Raposo, Valle, Colombia: I, Aspectos ecológicos (Registro nro. 14655)

Detalles MARC
000 -CABECERA
Campo de control 003570000a22001210004500
090 ## - CLASIFICACIÓN LOCAL
Colección AS
Consecutivo Seriadas
041 0# - IDIOMA
Código de idioma para texto/pista de sonido o título separado
100 1# - ASIENTO PRINCIPAL--NOMBRE PERSONAL
Nombre personal Lee, V. H.
245 10 - MENCION DE TITULO
Título Artrópodos hematófagos del río Raposo, Valle, Colombia: I, Aspectos ecológicos
700 1# - ASIENTO SECUNDARIO - NOMBRE PERSONAL
Nombre personal Barreto, Pablo
773 1# - Item fuente:
Título Caldasia
Especificación de materiales 45
Descripción física 49
Paginas del Articulo 385-406
Lugar, editorial y fecha de publicación 1969
Información sobre la relación 10
942 ## - ELEMENTOS ADICIONALES (KOHA)
Tipo de ítem Artículo

No hay ítems disponibles.